Zajos siker a Makói Operettfesztiválon

Elmentve itt :
Bibliográfiai részletek
Dokumentumtípus: Cikk
Megjelent: 2008-06-17
Sorozat:Délmagyarország 98 No. 140
Kulcsszavak:Makó, Eseménynaptár Makó 2008. 06., Zenei élet hangverseny operettfesztivál Makó
Online Access:http://dmarchiv.bibl.u-szeged.hu/140222
LEADER 00484nab a2200145 i 4500
001 delm140222
005 20200109125632.0
008 200109s2008 hu o 0|| hun d
040 |a SZTE Délmagyarország Archívum  |b hun 
041 |a hun 
245 0 0 |a Zajos siker a Makói Operettfesztiválon  |h [elektronikus dokumentum] 
260 |c 2008-06-17 
300 |a 6 
490 0 |a Délmagyarország  |v 98 No. 140 
695 |a Makó, Eseménynaptár Makó 2008. 06., Zenei élet hangverseny operettfesztivál Makó